000 00329nam a2200133Ia 4500
005 20260328104317.0
008 260328s9999||||xx |||||||||||||| ||und||
100 _aChisholm, Michael
245 0 _aRural Settlement and land Use /
_cMichael Chisholm
260 _bgeography
300 _a183 p.
650 _aTEORÍA
942 _cBK
999 _c11208
_d11208